<?xml version="1.0" encoding="UTF-8"?><OAI-PMH xmlns="http://www.openarchives.org/OAI/2.0/" xmlns:xsi="http://www.w3.org/2001/XMLSchema-instance"     xsi:schemaLocation="http://www.openarchives.org/OAI/2.0/ http://www.openarchives.org/OAI/2.0/OAI-PMH.xsd"><responseDate>2026-06-29T23:33:20Z</responseDate><request verb="GetRecord" identifier="oai:regmurcia.com:fintegr.4933" metadataPrefix="marc21">http://oai.regmurcia.com/oai2/oai2.php</request><GetRecord><record><header><identifier>oai:regmurcia.com:fintegr.4933</identifier><datestamp>2026-06-30</datestamp><setSpec>documentos</setSpec></header><metadata><record  xmlns="http://www.loc.gov/MARC21/slim" xmlns:xsi="http://www.w3.org/2001/XMLSchema-instance" xsi:schemaLocation="http://www.loc.gov/MARC21/slim http://www.loc.gov/standards/marcxml/schema/MARC21slim.xsd" type="Bibliographic"><leader>00000nam a2200000   4500</leader><controlfield tag="001" >005189883</controlfield><controlfield tag="003" >4933</controlfield><controlfield tag="004" >A00000000</controlfield><datafield tag="245" ind1=" " ind2=" "><subfield code="a">Comunicaciones del Sr. Vizconde de Almansa sobre su obra sobre aprovechamiento del agua de lluvia</subfield></datafield><datafield tag="300" ind1=" " ind2=" "><subfield code="a">4 pp</subfield></datafield><datafield tag="351" ind1=" " ind2=" "><subfield code="a">Unidad Documental Simple</subfield><subfield code="c">RSEAPMUR. Array</subfield><subfield code="a">Unidad Documental Simple</subfield><subfield code="c">RSEAPMUR. Array</subfield></datafield><datafield tag="520" ind1=" " ind2=" "><subfield code="a">Da cuenta de oficio enviado por la Real Sociedad agradeciendo el envío anónimo sobre la obra sobre el aprovechamiento de aguas de lluvia.
Además da cuenta del envío de nuevo de dicho ejemplar con algunas correcciones de erratas</subfield></datafield><datafield tag="535" ind1=" " ind2=" "><subfield code="a">L007 D21</subfield></datafield><datafield tag="583" ind1=" " ind2=" "><subfield code="u">http://www.regmurcia.com/servlet/s.Sl?METHOD=VERDOCUMENTO&amp;sit=serv,Carmesi&amp;n=/23/11118/D21/indice.djvu</subfield></datafield><datafield tag="592" ind1=" " ind2=" "><subfield code="b">1818-03-30</subfield></datafield><datafield tag="592" ind1=" " ind2=" "><subfield code="c">1818-05-08</subfield></datafield><datafield tag="592" ind1=" " ind2=" "><subfield code="d">1818-05-08 00:00:00</subfield></datafield><datafield tag="786" ind1=" " ind2=" "><subfield code="o">http://www.regmurcia.com/servlet/s.Sl?METHOD=VERDOCUMENTO&amp;sit=serv,Carmesi&amp;n=/23/11118/D21/indice.djvu</subfield></datafield><datafield tag="856" ind1=" " ind2=" "><subfield code="u">http://www.regmurcia.com/servlet/s.Sl?METHOD=DETALLE&amp;sit=c,373,m,139,serv,Carmesi&amp;id=4933</subfield></datafield></record></metadata></record></GetRecord></OAI-PMH>
